El Mago de Oz

Guardat en:
Dades bibliogràfiques
Autor principal: Baum, L. Frank (Autor)
Format: Llibre
Idioma:espanyol
Publicat: Santiago Lord Cochrane 1985
Col·lecció:Mi primera biblioteca, 25
Matèries:
Etiquetes: Afegir etiqueta
Sense etiquetes, Sigues el primer a etiquetar aquest registre!

MARC

LEADER 00000nam a2200000 a 4500
001 UCH7329
003 CL-VaPUC
008 091109e19850000CL |||||||||||||||||spa|d
082 0 4 |a 813  |b BAU  |2 21 
100 0 |a Baum, L. Frank  |e author  |9 543760 
245 1 3 |a El Mago de Oz 
300 |a 12 p 
942 |c BK 
945 |d 20091109 00:00:00  |a lazolas 
260 |a Santiago  |b Lord Cochrane  |c 1985 
650 0 |a Literatura  |9 259151 
650 0 |a Literatura inglesa  |9 312907 
650 0 |a Escritores ingleses  |9 389424 
650 0 |a Literatura infantil   |9 307465 
650 0 |a Ficción   |9 376687 
650 0 |a Narrativa  |9 336727 
650 0 |a Lectura  |9 307634 
651 0 |a Estados Unidos  |9 255178 
583 |a last modification  |c 20091109 00:00:00  |k Rodrigo Vera 
490 0 |a Mi primera biblioteca, 25 
999 |c 337979  |d 337977